大洋洲国家与首都(双语) - Statistics

General Stats
  • This quiz has been taken 12 times
  • The average score is 25 of 64
Answer Stats
Hint Answer % Correct
国家 澳大利亚
92%
国家 新西兰
92%
国家 瑙鲁
92%
国家 密克罗尼西亚联邦
83%
国家 斐济
83%
首都 堪培拉
83%
首都 惠灵顿
83%
国家 巴布亚新几内亚
75%
国家 帕劳
75%
国家 基里巴斯
75%
国家 所罗门群岛
75%
国家 汤加
75%
国家 马绍尔群岛
67%
国家 萨摩亚
67%
国家 瓦努阿图
58%
国家 图瓦卢
58%
国家 纽埃
58%
Country Australia
58%
首都 维拉港
50%
首都 苏瓦
50%
Country Fiji
50%
Country New Zealand
50%
Country Palau
50%
Country F.C. Micronesia
42%
Country Kiribati
42%
Country Nauru
42%
Country Papua New Guinea
42%
Country Solomon Islands
42%
Country Tonga
42%
国家 库克群岛
33%
首都 亚伦
33%
首都 富纳富提
33%
首都 努库阿洛法
33%
Country Marshall Islands
33%
Country Niue
33%
Country Samoa
33%
Country Tuvalu
33%
Country Vanuatu
33%
首都 阿皮亚
25%
Capital Canberra
25%
Capital Funafuti
25%
Capital Wellington
25%
首都 恩吉鲁穆德
17%
首都 帕利基尔
17%
首都 南塔拉瓦
17%
首都 霍尼亚拉
17%
首都 阿洛菲
17%
Capital Apia
17%
Country Cook Islands
17%
Capital Ngerulmud
17%
Capital Nukuʻalofa
17%
Capital Palikir
17%
Capital Port Moresby
17%
Capital Suva
17%
首都 莫尔斯比港
8%
首都 马朱罗
8%
Capital Alofi
8%
Capital Avarua
8%
Capital Honiara
8%
Capital Majuro
8%
Capital Port Vila
8%
Capital Yaren
8%
首都 阿瓦鲁阿
0%
Capital South Tarawa
0%
No matching quizzes found
Score Distribution
Percent of People with Each Score
Percentile by Number Answered
Your Score History
You have not taken this quiz